| 000 | 00366nam a22001337a 4500 | ||
|---|---|---|---|
| 020 | _a1-85293-069-1 | ||
| 082 |
_a627 _bWAT |
||
| 100 |
_aCqsgrove, Denis, _943944 |
||
| 245 |
_aWater, engineering and landscape/ _cCqsgrove, Denis, |
||
| 260 |
_aLondon: _bBelhaven press, _c1990. |
||
| 526 |
_a0 _b0 _c0 _d627_000000000000000_WAT |
||
| 650 |
_aMCE _9379 |
||
| 942 |
_2ddc _cBK |
||
| 999 |
_c547811 _d547811 |
||